000 01687cam a22004934i 4500
003 PE-LiUPU
005 20250731173457.0
008 150616s r 000 0 d
020 _a0931464420
035 _a(Sirsi) i9780931464423
040 _aPE-LiUPU
_bspa
_cPE-LiUPU
_erda
049 _aPRUA
082 0 4 _a222.11066
_bL82
_221
100 1 _aLongacre, Robert E.,
_eautor.
245 1 0 _aJoseph :
_ba Story of Divine Providence /
_cRobert E. Longacre.
264 1 _aWinona Lake, USA :
_bEisenbrauns,
_c1989.
300 _a322 páginas ;
_c24 centímetros
336 _atext
_2rdacontent
337 _aunmediated
_2rdamedia
338 _avolume
_2rdacarrier
504 _anotas bibliográficas.
505 0 _aTextlinguistic and sociolinguistic analysis -- Participants, Speech acts, and dialogue -- A constituent display of Joseph Joseph.
526 _aSEG42
526 _aSEG41
526 _aSEG40
526 _aSEG39
526 _aP94
526 _aP87
526 _aP86
526 _aP85
526 _aP77
526 _aP76
526 _aP35
600 1 _aJosé
_xHistoria Sagrada
630 _aBiblia.
_pA.T.
_PG énesis37, 39-48
_xComentarios.
650 0 4 _a
910 _ajck
_bjvq
_cjck
942 _2ddc
_cBOOK
949 _a222.11066 L82
_wDEWEY
_c1
_i40139
_lCCODEBUL1
_mBUL
_r0
_sY
_tBOOK
_u2015-6-16
_xTEOLOGIA
_zUNKNOWN
_0COMPRA
_o.STAFF. Colección General
994 _aC0
_bPEPRU
596 _a1
999 _a222.11066 L82
_wDEWEY
_c57929
_i40139
_d57929
_f2021-11-9
_g6
_lCCODEBUL1
_mBUL
_q1
_r0
_sY
_tBOOK
_u2015-6-16
_xTEOLOGIA
_zUNKNOWN
_0COMPRA
_o.STAFF. Colección General
980 _81
_gALBERTO SANCHEZ Responsable de Automatización